000 00669nam a22002417a 4500
001 0007010
003 DO-SdBNP
005 20180321135812.0
007 0007010
008 161201b 1999 sp a ||||| |||| 00| 0 spa d
020 _a8439201192
040 _aBPMSU
_bspa
_cBPMSU
082 _axxxx
_bxxxx
245 1 0 _aLa bella y la bestia /
_cDisney.
260 _aMadrid :
_bGaviota,
_c[1999].
300 _a32 p. :
_bil. ;
_c23 cm.
490 1 _aMultieducativos Disney
710 _bWalt Disney Company
830 0 _aMultieducativos Disney
942 _2ddc
_cBK
945 _aInventariado extranjero / 2018 VM
956 _2LOPEREZ
_310
_620161201
_8BPMSU
_a00041
999 _c12195
_d12195